Loading...

M R B charithram anubhavam ormma /

Bibliographic Details
Main Author: M R B.
Other Authors: Sarala Madhusoodanan
Format: Printed Book
Published: Kottayam : Sahithya pravarthaka cooperative society, 2016.
Subjects:
LEADER 00541nam a22001577a 4500
020 |a 978000030666 
082 |a 894  |b MRB.M 
100 |a M R B. 
245 |a M R B charithram anubhavam ormma /  |c by Sarala Madhusoodanan. 
260 |a Kottayam :  |b Sahithya pravarthaka cooperative society,  |c 2016. 
300 |a 112 p. 
650 |a memories 
700 |a Sarala Madhusoodanan. 
942 |c BK 
999 |c 316361  |d 316361 
952 |0 0  |1 0  |4 0  |6 894_000000000000000_MRB_M  |7 0  |8 MAL  |9 338363  |a POL  |b POL  |c GEN  |d 2020-12-03  |l 0  |o 894 MRB.M  |p POL21813  |r 2020-12-03  |w 2020-12-03  |y BK